Historia oral de la Ciudad de México : (Record no. 20067)
[ view plain ]
| 000 -CABECERA | |
|---|---|
| campo de control de longitud fija | 01017nam a2200265 4500 |
| 003 - IDENTIFICADOR DEL NÚMERO DE CONTROL | |
| campo de control | OSt |
| 005 - FECHA Y HORA DE LA ÚLTIMA TRANSACCIÓN | |
| campo de control | 20260601171001.0 |
| 008 - DATOS DE LONGITUD FIJA--INFORMACIÓN GENERAL | |
| campo de control de longitud fija | 260420b1998\\\\mx\a||||\||||\00|\0\spa\d |
| 020 ## - NÚMERO INTERNACIONAL ESTÁNDAR DEL LIBRO | |
| Número Internacional Estándar del Libro | 9686914714 |
| 040 ## - FUENTE DE LA CATALOGACIÓN | |
| Centro catalogador/agencia de origen | ICI |
| Lengua de catalogación | spa |
| Centro/agencia transcriptor | ICI |
| 050 ## - SIGNATURA TOPOGRÁFICA DE LA BIBLIOTECA DEL CONGRESO | |
| Número de clasificación | NA759.A68 |
| Número de documento/Ítem | A58 1998 |
| 100 #1 - ENTRADA PRINCIPAL--NOMBRE DE PERSONA | |
| Nombre de persona | Álvarez, Augusto H., |
| Fechas asociadas al nombre | 1914-1995, |
| 245 #1 - MENCIÓN DE TÍTULO | |
| Título | Historia oral de la Ciudad de México : |
| Resto del título | testimonios de sus arquitectos, 1940-1990 / |c Augusto H. Álvarez ; investigación, entrevistas y edición, Graciela de Garay |
| 250 ## - MENCIÓN DE EDICIÓN | |
| Mención de edición | 2a ed. |
| 264 ## - PRODUCCIÓN, PUBLICACIÓN, DISTRIBUCIÓN, FABRICACIÓN Y COPYRIGHT | |
| Nombre del de productor, editor, distribuidor, fabricante | Instituto de Investigaciones Dr. José María Luis Mora, |
| Fecha de producción, publicación, distribución, fabricación o copyright | 1998 |
| Producción, publicación, distribución, fabricación y copyright | México, D.F. : |
| 300 ## - DESCRIPCIÓN FÍSICA | |
| Extensión | 76 páginas |
| 336 ## - TIPO DE CONTENIDO | |
| Término de tipo de contenido | texto |
| Fuente | rdacontent |
| 337 ## - TIPO DE MEDIO | |
| Nombre/término del tipo de medio | sin medio |
| Fuente | rdamedia |
| 338 ## - TIPO DE SOPORTE | |
| Nombre/término del tipo de soporte | volumen |
| Fuente | rdacarrier |
| 600 #1 - PUNTO DE ACCESO ADICIONAL DE MATERIA--NOMBRE DE PERSONA | |
| Nombre de persona | Alvarez, Augusto H., |
| Fechas asociadas al nombre | 1914- |
| 650 #4 - PUNTO DE ACCESO ADICIONAL DE MATERIA--TÉRMINO DE MATERIA | |
| Término de materia o nombre geográfico como elemento de entrada | Arquitectura moderna |
| Subdivisión cronológica | Siglo XX |
| Subdivisión geográfica | Ciudad de México |
| 9 (RLIN) | 31415 |
| 651 #4 - PUNTO DE ACCESO ADICIONAL DE MATERIA--NOMBRE GEOGRÁFICO | |
| Nombre geográfico | Ciudad de México |
| Subdivisión general | Edificios, estructuras, etc. |
| -- | Historia |
| 9 (RLIN) | 31416 |
| 700 #1 - PUNTO DE ACCESO ADICIONAL--NOMBRE DE PERSONA | |
| Nombre de persona | Garay Arellano, Graciela de, |
| Término indicativo de función/relación | editor |
| 9 (RLIN) | 31417 |
| 942 ## - ELEMENTOS DE PUNTO DE ACCESO ADICIONAL (KOHA) | |
| Fuente del sistema de clasificación o colocación | Library of Congress Classification |
| Tipo de ítem Koha | Libros |
No items available.